00538cpcaa22001937a 4500001001300000003000400013005001700017008004100034010001700075040002400092072001200116100003200128245003900160300001300199506002200212580005700234546003600291999001700327mm 80002103 DLC20260227111659.0800121|||||||||||| eng  amm 80002103  aDLCedacscDLCdDLC 7aC2lcmd1 aWatson, John,dactive 1740.00aJohn Watson correspondence,f1740. a1fitem.0 aOpen to research. aForms part of: Miscellaneous Manuscripts collection. aCollection material in English. c42472d42472